Kręg Islamski - Statystyki

Ogólne statystyki
  • Ten quiz został rozwiązany 82 razy
    59 od ostatniego zresetowania
  • Średni wynik to 29 z 42
Statystyki odpowiedzi
Państwo % Poprawnych
Irak
93%
Iran
93%
Egipt
88%
Afganistan
85%
Turcja
85%
Algieria
83%
Syria
83%
Libia
80%
Pakistan
80%
Sudan
80%
Arabia Saudyjska
78%
Jemen
78%
Tunezja
78%
Zjednoczone Emiraty Arabskie
78%
Katar
76%
Maroko
76%
Niger
76%
Oman
76%
Czad
73%
Jordania
73%
Kirgistan
73%
Liban
73%
Turkmenistan
73%
Tadżykistan
71%
Kazachstan
68%
Kuwejt
68%
Uzbekistan
68%
Indonezja
66%
Mali
66%
Mauretania
66%
Somalia
66%
Bahrajn
63%
Azerbejdżan
59%
Bangladesz
56%
Malezja
54%
Dżibuti
51%
Erytrea
51%
Sudan Południowy
49%
Armenia
46%
Izrael
41%
Brunei
39%
Singapur
24%
Nie znaleziono quizów pasujących do podanych kryteriów
Rozkład punktacji
Procent ludzi z każdym wynikiem
Percentyl według liczby udzielonych odpowiedzi
Twoja historia wyników
Nie rozwiązałeś tego quizu od ostatniego zresetowania